| 000 | 00544nam a22001937a 4500 | ||
|---|---|---|---|
| 003 | OSt | ||
| 005 | 20161111140552.0 | ||
| 008 | 161111b xxu||||| |||| 00| 0 eng d | ||
| 020 | _a0521380928 | ||
| 040 | _cDDC. | ||
| 082 | _a539.721IAC 1991; | ||
| 100 |
_aIachello,F;Isacker,Van.P; _911280 |
||
| 245 | _aThe Interacting Boson-Fermion Model; | ||
| 260 |
_aCambridge; _bCambridge University Press. _c1991. |
||
| 300 |
_ax,312p; _bill; _c23cm. |
||
| 504 | _aReferences and index. | ||
| 650 |
_aMathematical Physics. _9372 |
||
| 942 |
_2ddc _cO_SHELF |
||
| 999 |
_c5395 _d5395 |
||